000 00600nam a2200217 4500
001 74740
003 BD-RjUL
005 20211209082608.0
008 181128s2005 ii ||||| |||| 00| 0 eng d
020 _a8131400514
035 _a(BD-RjUL)74958
040 _aBD-RjUL
_beng
_cBD-RjUL
041 _aeng
082 _223
_a658.87
_bDIR 2005
245 _aDirect marketing /
_cedited by Kaushik Mukerjee.
260 _aHyderabad :
_bICFAI University Press,
_c2005.
300 _ax, 182 pages;
_c23 cm.
650 _aDirect marketing
_9225330
700 _aMukerjee, Kaushik
_9225332
942 _2ddc
_cBK
999 _c74740
_d74740